00921nac a22002651u 4500010001600000020002800016082001900044090001500063100003400078245005500112250001200167260006000179300002700239440004300266500002000309500002600329504003000355511002600385650003300411650003000444650002600474942002100500999001500521952011900536 a 85026221 a0815623542 (alk. paper)00a305.40962bSUL c6972d6972 aSullivan, Earl L. 10aWomen in Egyptian public life /cEarl L. Sullivan. a1st ed. aSyracuse, N.Y. :bSyracuse University Press,1986c1986. axiii, 223 p. ;c24 cm. 0aContemporary issues in the Middle East aIncludes index. adistributer: Al-Ahram aBibliography: p. 207-215. acatalogued by: wessam 0aWomen in public lifezEgypt. 0aWomen in politicszEgypt. 0aBusinesswomenzEgypt. cBBk305.40962SUL c6972d6972 00104070aMAINbMAINc1STd2016-01-08ePurchasel9o305.40962SULp000008828r2025-07-15 00:00:00s2013-11-13yNB